000 04905nab a22008897 4500
003 AR-RoUNA
022 _a0327-9022
040 _aAR-RoUNA
_bspa
041 _aspa
044 _aag
245 _aSumma+ /
_bCasas: ¨la calidad en arquitectura no depende de materiales lujosos ni de formas exrañas¨ Edson Mahfuz
260 _aBuenos Aires (Argentina):
_cDonn SA,
_b1993.
300 _a144 p. :
_bil. byn.
_bplanos
_c34X25 cm.
505 0 _tINDICE
505 0 _aFernando Diez / Refugio y Oasis. p. 1
505 0 _tABOVEDADOS AL MAR
505 0 _aJohnston Marklee / Casa Bóveda, Oxnard, California, Estados Unidos, 2013. p. 4
505 0 _tDESATANDO INFINITOS
505 0 _aBarclay & Crousse / Casa M6, Punta Hermosa, Perú, 2013. p. 12
505 0 _tENTRE CERCHAS Y BARRANCAS
505 0 _aLand / Casa Rambla, Zapallar, Chile, 2012. p. 18
505 0 _tNADAR ENTRE MIRADAS
505 0 _aWiel Arets, Bettina Kraus, Lars Dreessen, Dennis Villanueva / Casa Medusa, Marbella. España, 2013. p. 28
505 0 _tFIN DE SEMANA EN EL CENTRO
505 0 _aAngelo Bucci, Milton Suenaga, Tatiana Ozzetti, Ciro Miguel, Eric Ennser, Joäo Paulo Meirelles de Faria, Juliana Braga, Fernanda Caballaro, Victor Próspero / Casa de fin de semana en San Pablo, 2013. p. 32
505 0 _tLA DIVA Y EL ARQUITECTO
505 0 _aEdgardo Rocha / Las casas de Lucio Costa para Carmen Santos. p. 42
505 0 _tTREPA LOS MONTES
505 0 _aSantiago Viale, Daniella Beviglia / Casa en la Rufina, Córdoba, Argentina. p. 46
505 0 _tCUADROS DENTRO DE CUADROS
505 0 _aEstudio Aire / Casa M, Rosario, prov. Santa Fe, 2013. p. 52
505 0 _tCON UNA SUTIL MANIOBRA
505 0 _aManuel Cucurell y Sebastián Virasoro, arqs. / Casa Cisura, Roldán, prov. Santa Fe, 2013. p. 58
505 0 _tARQUITECTURA QUE HACE CIUDAD
505 0 _aPremio Latinoamericano de arquitectura Rogelio Salmona: espacios abiertos, espacios colectivos. Edición 2014. Organizador: Fundación Rogelio Salmona, Bogotá, Colombia. p. 64
505 0 _tJARDÍN INTERIOR
505 0 _aBrasil Arq. / Casa Pepiguari, San Pablo, Brasil, 2013. p. 74
505 0 _tEL CUERPO DE LA LUZ
505 0 _tXTH - Berlin / Townhouse B14, Berlín, Alemania, 2012. p. 80
505 0 _tUN REFUGIO SINGULAR
505 0 _aNidolab arq / Casa Luis Viale, C.A.B.A, 2014. p. 82
505 0 _tCON LA LUZ DE LA MANZANA
505 0 _aMatías Beccar Varela, Ariana Werber / Casa Tamborini, C.A.B.A, 2014. p. 86
505 0 _tMARCADA POR EL SOL
505 0 _aMolinari Gorodner Sportorno, Luis María Gorodner / Casa S, CABA, 2013. p. 90
505 0 _aVladimir Belogolvsky / Harry Seidler: arte y arquitectura se fusionan. p. 94
505 0 _aCasa Rose Seidler, Wahroonga, Sydney, Australia, 1948-1950. p. 96
505 0 _aCasa Marcus Seidler, Wahroona, Sydney, 1949-1950. p. 98
505 0 _aCasa T. Meller, Castlecrag, Sydney, 1950 / Josef Albers, estudio para Vice Versa B, ca. 1943. p. 98
505 0 _aCasa George Williamson, Mosman, Sydney, 1951. p. 99
505 0 _aCasa Harry and Penelope Seidler, Killara, Sydney, 1966-1967. p. 100
505 0 _aCasa Berman, Joadja, New South Wales, 1966-1999. p. 102
505 0 _tEXPOSICION DE ARQUITECTURA, ARTE Y DISEÑO COLABORATIVO
505 0 _aFacultad de arquitectura, Universidad de Palermo, Buenos Aires, 2014. p. 105
505 0 _tCASA HANSON
505 0 _aMarcel Breuer 1951 / Lacroze, Miguens, Prati arqs, Nueva York, Estados Unidos, 2008. p. 106
505 0 _aEdson Da Cunha Mahfuz / CASA NICLEWICZ: Joäo Vilanova Artigas 1978, Marcos Bertoldi, Curitiba, Brasil, 2003. p. 114
505 0 _tCASA OMBÚ
505 0 _aRafael Viñoly 1997 / Silberfaden + Wolter, Barrio Parque, CABA, 2014. p. 120
505 0 _aValeria Matayoshi / Luz, Materia y Material, Galería Aedes-Berlín, Alemania, 2014. p. 126
505 0 _aLouise Noelle / El Congreso de la UIA - Durban ¨Architecture Otherwhere¨. p. 128
505 0 _aConstanza Llorente / Habitar bajo el sol. p. 130
505 0 _aMercedes Peralta / Una perspectiva proyectual: la definición absoluta como modelo de investigación. p. 132
505 0 _aMartín Di Peco / El otro yo. p. 136
505 0 _aIgnacio Ros de Olano / Al otro lado del atlas en papel. p. 137
505 0 _aRuth Verde Zein / Discúlpeme, ¿esto es un museo?. p. 138
505 0 _aRafael E.J.Iglesia / Ciudad y artefacto. p. 140
505 0 _aMario Sabugo / Tom Wolfe en Miami. p. 142
505 0 _aRoberto Fernández / Ajedrez de espacio: Scrimaglio. p. 143
505 0 _aNelson Inda / La ciudad de Montevideo y el fútbol. p. 144
650 _2Arquitectura conteporánea
773 0 _aSumma+
_dBuenos Aires, Argentina
_gNº140 (dic, 2014), p. 144
_x0327-9022
908 _aImp
942 _2udc
_cART
945 _d2022-07-08
980 _6138
_aCarolina Rainero
_8138
_gCarolina Rainero
999 _c12294
_d12294